Satawan Sal Ba Swadhinatar Pratham Juddha / (Record no. 22080)
[ view plain ]
| 000 -LEADER | |
|---|---|
| fixed length control field | 00512nam a2200181Ia 4500 |
| 001 - CONTROL NUMBER | |
| control field | 22098 |
| 008 - FIXED-LENGTH DATA ELEMENTS--GENERAL INFORMATION | |
| fixed length control field | 150430s ii a g b000 u asm u |
| 082 ## - DEWEY DECIMAL CLASSIFICATION NUMBER | |
| Classification number | 954.123 |
| 100 ## - MAIN ENTRY--PERSONAL NAME | |
| Personal name | Sarma, Benudhar . |
| 245 #0 - TITLE STATEMENT | |
| Title | Satawan Sal Ba Swadhinatar Pratham Juddha / |
| Statement of responsibility, etc. | Benudhar Sarma. |
| Medium | Textual Documents |
| 250 ## - EDITION STATEMENT | |
| Edition statement | 1st ed. / |
| 260 ## - PUBLICATION, DISTRIBUTION, ETC. | |
| Place of publication, distribution, etc. | Guwahati : |
| Name of publisher, distributor, etc. | Padma Prakash , |
| Date of publication, distribution, etc. | nd. |
| 300 ## - PHYSICAL DESCRIPTION | |
| Extent | 58p. : |
| Other physical details | ill ; |
| Dimensions | 17cm . |
| 653 ## - INDEX TERM--UNCONTROLLED | |
| Uncontrolled term | History-India |
| 653 ## - INDEX TERM--UNCONTROLLED | |
| Uncontrolled term | Indian History |
| 653 ## - INDEX TERM--UNCONTROLLED | |
| Uncontrolled term | Reference-History |
| 942 ## - ADDED ENTRY ELEMENTS (KOHA) | |
| Source of classification or shelving scheme | Dewey Decimal Classification |
| Koha item type | Books |
| Withdrawn status | Lost status | Damaged status | Not for loan | Home library | Current library | Date acquired | Coded location qualifier | Total checkouts | Full call number | Barcode | Date last seen | Copy number | Price effective from | Koha item type | Shelving location |
|---|---|---|---|---|---|---|---|---|---|---|---|---|---|---|---|
| Dr. Suryya Kumar Bhuyan Library | Dr. Suryya Kumar Bhuyan Library | 01/02/2012 | 00000 | 954.123 Sa 74 Sa | 36775 | 14/01/2024 | 7 | 01/02/2012 | Books | ||||||
| Dr. Suryya Kumar Bhuyan Library | Dr. Suryya Kumar Bhuyan Library | 01/02/2012 | 00000 | 954.123 Sa 74 Sa | 341.0205 | 14/01/2024 | 6 | 01/02/2012 | Books | ||||||
| Not for loan | Dr. Suryya Kumar Bhuyan Library | Dr. Suryya Kumar Bhuyan Library | 01/02/2012 | 00000 | 954.123 Sa 74 Sa | 341.0206 | 14/01/2024 | 1 | 01/02/2012 | Books | |||||
| Dr. Suryya Kumar Bhuyan Library | Dr. Suryya Kumar Bhuyan Library | 01/02/2012 | 00000 | 954.123 Sa 74 Sa | 341.0208 | 14/01/2024 | 4 | 01/02/2012 | Books | ||||||
| Dr. Suryya Kumar Bhuyan Library | Dr. Suryya Kumar Bhuyan Library | 01/02/2012 | 00000 | 954.123 Sa 74 Sa | 341.0209 | 14/01/2024 | 2 | 01/02/2012 | Books | ||||||
| Dr. Suryya Kumar Bhuyan Library | Dr. Suryya Kumar Bhuyan Library | 01/02/2012 | 00000 | 954.123 Sa 74 Sa | 34196 | 14/01/2024 | 5 | 01/02/2012 | Books | ||||||
| Dr. Suryya Kumar Bhuyan Library | Dr. Suryya Kumar Bhuyan Library | 01/02/2012 | 00000 | 954.123 Sa 74 Sa | 34197 | 14/01/2024 | 3 | 01/02/2012 | Books |
